| 000 | 01584cam a2200493 i 4500 | ||
|---|---|---|---|
| 001 | 30809 | ||
| 003 | KOSZ 005 | ||
| 005 | 20240405063052.0 | ||
| 008 | 060518s1994 pl a |000 0 pol | ||
| 040 |
_aWA N _cWA N _dKOSZ 005/HR |
||
| 046 | _k1994 | ||
| 080 | _a94(438) | ||
| 080 | _a311.3(438) | ||
| 080 | _a314.1(438) | ||
| 080 | _a(083.41) | ||
| 245 | 0 | 0 |
_aHistoria Polski w liczbach : _bludność, terytorium / _c[kom. red. przewodniczący: Franciszek Kubiczek, red. gł. Andrzej Jezierski et al.] ; Główny Urząd Statystyczny. |
| 260 |
_aWarszawa : _bGłówny Urząd Statystyczny, _c1994. |
||
| 300 |
_aXVII, [1], 205, [1] s. : _bil. ; _c29 cm. |
||
| 380 | _aKsiążki | ||
| 388 | _a1901-2000 | ||
| 388 | _a1989-2000 | ||
| 504 | _aBibliogr. | ||
| 648 | 4 | _a1601-1700 | |
| 648 | 4 | _a1701-1800 | |
| 648 | 4 | _a1801-1900 | |
| 648 | 4 | _a1901-2000 | |
| 648 | 4 | _a1201-1300 | |
| 648 | 4 | _a1301-1400 | |
| 648 | 4 | _a1401-1500 | |
| 648 | 4 | _a1501-1600 | |
| 648 | 4 | _a1001-1100 | |
| 648 | 4 | _a1101-1200 | |
| 648 | 4 | _a 901-1000 | |
| 650 | 7 | _aLudność | |
| 650 | 7 | _aPodział administracyjny | |
| 651 | 4 | _aPolska | |
| 651 | 4 | _aPolska | |
| 655 | 4 | _aDane statystyczne | |
| 658 | _aHistoria | ||
| 700 | 1 |
_aJezierski, Andrzej _d(1930-2002) _eRedakcja |
|
| 700 | 1 |
_aKubiczek, Franciszek _d(1940- ) _eRedakcja |
|
| 856 |
_uhttp://koha.tu.koszalin.pl/cgi-bin/koha/opac-detail.pl?biblionumber=30809 _yKatalog online BPK |
||
| 942 |
_2UKD _cKS |
||
| 999 |
_c30809 _d30809 |
||